000 00654nam a2200253Ia 4500
003 OSt
005 20221007110034.0
006 a|||||r|||| 00| 0
007 ta
008 221006b |||||||| |||| 00| 0 eng d
024 _a20,216
037 _cTextual
040 _aLCO
_cLCO
_beng
041 _2eng
_aeng
082 _aZ(Q2),122, L8
100 _aDesai Kumud
245 0 _aIndian Law of Marriage and Divorce
250 _a3rd
260 _aBombay
_bN. M. Tripathi Private LTD India
_c1978
300 _a576
650 _aMARRIAGE AND DIVORCE
942 _hZ(Q2),122, L8
_cTEXL
999 _c1189779
_d1189779